Expanzia Siemensu pokračuje

Pôsobenie firmy Siemens na Slovensku. Zastúpenie firmy v Michalovciach. Hlavné faktory, ktoré ovplyvňujú pôsobenie firmy na Slovensku. Rastúci objem výroby. Spôsob odmeňovania. Investície a výroba. Perspektívy firmy. Počet zamestnancov. Obrat zastúpenia firmy v Michalovciach 1995 - 1997.

Na minha lista:
Detalhes bibliográficos
Autor principal: Matejovič, R.
Formato: Capítulo de Livro
Idioma:eslovaco
Assuntos:
Tags: Adicionar Tag
Sem tags, seja o primeiro a adicionar uma tag!

MARC

LEADER 00000naa a2200000 4500
001 r026583
005 20251104123554.8
041 0 |a slo 
044 |a SK 
245 1 0 |a Expanzia Siemensu pokračuje  |c R. Matejovič 
520 |a Pôsobenie firmy Siemens na Slovensku. Zastúpenie firmy v Michalovciach. Hlavné faktory, ktoré ovplyvňujú pôsobenie firmy na Slovensku. Rastúci objem výroby. Spôsob odmeňovania. Investície a výroba. Perspektívy firmy. Počet zamestnancov. Obrat zastúpenia firmy v Michalovciach 1995 - 1997. 
610 2 0 |a Siemens 
610 2 0 |a podnik obchodný 
610 2 0 |a výroba 
610 2 0 |a automobily 
610 2 0 |a investície 
610 2 0 |a zamestnanci 
610 2 0 |a obrat obchodný 
610 2 0 |a Michalovce 
610 2 0 |a 1995-1997 
610 2 0 |a podnikanie obchodné 
100 1 |a Matejovič, R.